00601nam a2200181 a 450000500170000000800410001702000170005805000180007510000150009324500450010826000440015330000160019744000280021365000230024165000260026499900190029095201100030920140412111239.0001115s19uu xx 00 eng d a9971-63-95-3 aERbVi65 1990 aTan, B. Y. aA Visitor from outer space /cB. Y. Tan. aSinpore :bPan Pacific Pte. Ltd,c1990. a1 v. (unp.) aPan Pacific Readers, #6 aScience -- Fiction aFriendship -- Fiction c102620d102620 00104050aELbELcERd2000-11-15eDonationl0oER Vi65 1990pE2248r2014-04-12 00:00:00w2014-04-12yBK